000 01135nam a2200301 i 4500
001 12763
003 ES-MaACL
005 20250630235323.0
007 t|
008 900514s1980 sp |||| | spa j
020 _a84-500-3945-2
080 _a964.9:061.3(100)"1978"
080 _a970/980:061.3(100)"1978"
080 _a061.3(100)"1978":964.9
080 _a061.3(100)"1978":970/980
111 2 _aColoquio de Historia Canario-Americana (
_n3º.
_d1978.
_cLas Palmas de Gran Canaria)
_987
245 1 0 _aIII Coloquio de Historia Canario-Americana (1978) /
_ccoordinación y prólogo de Francisco Morales Padrón.
260 _a[Las Palmas] :
_bCabildo Insular de Gran Canaria,
_c1980.
300 _a2 v. ;
_c25 cm.
490 1 _aGeografía e historia ;
_v3
651 4 _aCanarias-
_xHistoria-
_vCongresos y asambleas.
_97950
651 4 _aAmérica-
_xHistoria-
_vCongresos y asambleas.
_97704
700 1 _aMorales Padrón, Francisco,
_d1924-2010
_983066
710 1 _aGran Canaria.
_bCabildo Insular.
_92264
830 0 _aGeografía e historia ;
_v3
_9179820
852 _aES-MaACL
_jL-20007-08
999 _c12763
_d12763